00716 2200265 4500001002100000005001700021008004100038020001800079035002400097040001200121082001800133084001800151090001800169100001700187245005000204260003000254300003100284500001100315650004300326700001800369850001200387990001700399990001700416990001700433INLIS00000000000019120141006091543.0  a0-7946-0318-1 0010-101400000000086 aYOPDYOG aQ 729.5 Goa N aQ 729.5 Goa N aQ 729.5 Goa N aGOAD, Philip aNew directions in tropical Asian architecture aSingaporebPeriplusc2005 a240 hlm.b: ilus. ;c26 cm aIndeks aArsitektur-Desain dan Perencanaan-Asia aPieris, Anoma aYOPDYOG a8290-PD/B.14 a8291-PD/B.14 a8292-PD/B.14